| 000 | 00452nam a2200157 i 4500 | ||
|---|---|---|---|
| 001 | 93108 | ||
| 003 | ES-MaACL | ||
| 005 | 20230906181128.0 | ||
| 007 | t| | ||
| 008 | 050407s1965 sp ||||1| spa d | ||
| 100 | 1 |
_aLois Estévez, José. _973144 |
|
| 245 | 1 | 3 |
_aLa lucha por la objetivación del derecho / _cJosé Lois Estévez. |
| 260 |
_aVigo : _b"Faro de Vigo", _c1965. |
||
| 300 |
_a298 p. , 1 h. ; _c22 cm. |
||
| 852 |
_aES-MaACL _jF-2000 _bR.56095 |
||
| 999 |
_c93108 _d93108 |
||